| 000 | 00000nam##2200000za#4500 |
| 001 | 9.694519 |
| 003 | CaOODSP |
| 005 | 20210624234145 |
| 007 | cr ||||||||||| |
| 008 | 150407|2011||||xxc|||||o f|0| 0 eng|d |
| 020 | |a978-1-100-18493-7 |
| 040 | |aCaOODSP|beng |
| 043 | |an-cn--- |
| 086 | 1 |aCi4-63/2011E-PDF |
| 110 | 1 |aCanada. |bCitizenship and Immigration Canada. |
| 245 | 14|aThe PSR QA Project - managing quality counts |h[electronic resource] |
| 260 | |aOttawa - Ontario : |bCitizenship and Immigration Canada |cc2011. |
| 300 | |a64p.|bfigs., graphs |
| 590 | |a13-11-Supp|b2013-04-26 |
| 690 | 07|aRefugees|2gcpds |
| 775 | 08|tLe projet d'assurance de la qualité relatif au PPPR - la gestion de la qualité est importante |w(CaOODSP)9.638692 |
| 856 | 40|ahttp://publications.gc.ca|qPDF|s1.57 MB|uhttps://publications.gc.ca/collections/collection_2013/cic/Ci4-63-2011-eng.pdf |